| 000 | 01017nam a22001577a 4500 | ||
|---|---|---|---|
| 999 |
_c59624 _d59624 |
||
| 005 | 20230629154539.0 | ||
| 008 | 230323c2022 ge ||||| |||| 00| 0 geo d | ||
| 022 | _a2587-490x | ||
| 041 | _ageo | ||
| 245 |
_aაღმოსავლეთმცოდნეობის მაცნე / _cბათუმის შოთა რუსთაველის სახელმწიფო უნივერსიტეტი ; ჰუმანიტარულ მეცნიერებათა ფაკულტეტი ; აღმოსავლეთმცოდნეობის დეპარტამენტი ; რედაქტორი პროფესორი ემზარ მაკარაძე. |
||
| 260 |
_aთბილისი : _bდანი, _c2018- |
||
| 300 | _av. | ||
| 653 | _aაღმოსავლეთმცოდნეობა | ||
| 700 |
_aმაკარაძე, ემზარ _eპროფესორი, რედაქტორი _94143 |
||
| 942 |
_2udc _cBK |
||